[Event "BL 0910 SV Wattenscheid - SF Katernberg"]
[Site "?"]
[Date "2010.02.07"]
[Round "9.1"]
[White "Chuchelov, Vladimir"]
[Black "Vitiugov, Nikita"]
[Result "0-1"]
[WhiteElo "2598"]
[BlackElo "2681"]
[PlyCount "111"]
[EventDate "2010.??.??"]

1. Nf3 d5 2. d4 Nf6 3. c4 c6 4. Nc3 dxc4 5. a4 Bf5 6. Ne5 Nbd7 7. Nxc4 Nb6 8.
Ne5 a5 9. g3 e6 10. Bg2 Bb4 11. O-O O-O 12. e3 h6 13. Qe2 Bh7 14. Rd1 Nfd7 15.
Nd3 Qe7 16. e4 Rfd8 17. Be3 Nc4 18. Nxb4 Qxb4 19. Bc1 e5 20. Bf1 Ndb6 21. d5
Nd6 22. Bg2 Rac8 23. dxc6 bxc6 24. Qc2 Nd5 25. Bd2 Qc4 26. b3 Nb4 27. Qb2 Qe6
28. Be3 c5 29. Rac1 c4 30. Bb6 Rd7 31. Nd5 Bxe4 32. Bxe4 Nxe4 33. bxc4 Nxd5 34.
cxd5 Rxc1 35. dxe6 Rdxd1+ 36. Kg2 Rg1+ 37. Kh3 Ng5+ 38. Kg4 Nxe6 39. Qxe5 Rc4+
40. f4 Rg2 41. Qb5 h5+ 42. Kf3 Rgc2 43. Qe8+ Nf8 44. Bxa5 Rc8 45. Qb5 Rxh2 46.
Bb6 Rc3+ 47. Ke4 Rxg3 48. a5 h4 49. a6 Ra2 50. a7 h3 51. Qh5 Nd7 52. Bd4 Rxa7
53. Qh4 Raa3 54. Qd8+ Nf8 55. Bc5 h2 56. Kd4 0-1

[Event "BL 0910 SV Wattenscheid - SF Katernberg"]
[Site "?"]
[Date "2010.02.07"]
[Round "9.2"]
[White "Bartel, Mateusz"]
[Black "Firman, Nazar"]
[Result "1-0"]
[WhiteElo "2609"]
[BlackElo "2571"]
[PlyCount "59"]
[EventDate "2010.??.??"]

1. d4 f5 2. c4 Nf6 3. Nc3 g6 4. h4 d6 5. h5 Nxh5 6. Rxh5 gxh5 7. e4 e6 8. Qxh5+
Kd7 9. exf5 Qe8 10. fxe6+ Qxe6+ 11. Be2 c6 12. Be3 Qg6 13. Qh2 Na6 14. Nh3 Be7
15. Nf4 Qf5 16. O-O-O Kd8 17. c5 Nc7 18. d5 Ne8 19. dxc6 bxc6 20. cxd6 Nxd6 21.
Qh6 Qf8 22. Ne6+ Bxe6 23. Qxe6 Rg8 24. Bg4 Rxg4 25. Qxg4 Rb8 26. Bxa7 Rb7 27.
Bc5 Kc7 28. Rd2 Qh6 29. Qg3 Rxb2 30. Be3 1-0

[Event "BL 0910 SV Wattenscheid - SF Katernberg"]
[Site "?"]
[Date "2010.02.07"]
[Round "9.3"]
[White "Seel, Christian"]
[Black "Czarnota, Pawel"]
[Result "1/2-1/2"]
[WhiteElo "2493"]
[BlackElo "2537"]
[PlyCount "71"]
[EventDate "2010.??.??"]

1. Nf3 g6 2. e4 c5 3. c4 Bg7 4. d4 cxd4 5. Nxd4 Nc6 6. Be3 Nf6 7. Nc3 Ng4 8.
Qxg4 Nxd4 9. Qd1 Ne6 10. Qd2 O-O 11. Be2 d6 12. O-O Nc5 13. f3 a5 14. Rfd1 Be6
15. b3 Qb6 16. Rab1 Qb4 17. Nb5 Qxd2 18. Rxd2 Rfc8 19. Rc1 Kf8 20. Kf2 h5 21.
g3 Bf6 22. Kg2 Ke8 23. h4 Bd7 24. Nc3 Bxc3 25. Rxc3 Na6 26. Bd4 a4 27. Re3 axb3
28. axb3 Nc5 29. e5 dxe5 30. Bxe5 Ra3 31. Rb2 Ne6 32. Kf2 Rca8 33. b4 Rxe3 34.
Kxe3 Ra3+ 35. Kd2 f6 36. Bc3 1/2-1/2

[Event "BL 0910 SV Wattenscheid - SF Katernberg"]
[Site "?"]
[Date "2010.02.07"]
[Round "9.4"]
[White "Rustemov, Alexander"]
[Black "Bischoff, Klaus"]
[Result "0-1"]
[WhiteElo "2532"]
[BlackElo "2561"]
[PlyCount "92"]
[EventDate "2010.??.??"]

1. e4 c5 2. d3 Nc6 3. g3 g6 4. Bg2 Bg7 5. f4 e6 6. Nf3 Nge7 7. Na3 d6 8. c3 b6
9. O-O Ba6 10. Re1 Qd7 11. Nc2 O-O 12. d4 cxd4 13. cxd4 Na5 14. b3 Rac8 15. Ba3
Rfe8 16. Ne3 Bb7 17. e5 Bxf3 18. Bxf3 d5 19. Be2 Qb7 20. Bb5 Nac6 21. Qd3 Ra8
22. Ba6 Qd7 23. Bd6 Nxd4 24. Rec1 Nec6 25. b4 f6 26. Ng4 fxe5 27. fxe5 Nf5 28.
b5 Na5 29. Rc7 Qd8 30. Rac1 Nxd6 31. exd6 Qxd6 32. Qd2 Rad8 33. Qg5 Rf8 34. Bc8
Nc4 35. Rc6 Qa3 36. Bxe6+ Kh8 37. Kg2 Qd3 38. Kh3 h5 39. Rc7 hxg4+ 40. Bxg4 Qe3
41. Qxg6 Qh6+ 42. Qxh6+ Bxh6 43. Rd1 Ne3 44. Rd3 d4 45. Rxa7 Bg7 46. Rd7 Nxg4
0-1

[Event "BL 0910 SV Wattenscheid - SF Katernberg"]
[Site "?"]
[Date "2010.02.07"]
[Round "9.5"]
[White "Glek, Igor V"]
[Black "Appel, Ralf"]
[Result "1/2-1/2"]
[WhiteElo "2537"]
[BlackElo "2551"]
[PlyCount "64"]
[EventDate "2010.??.??"]

1. e4 Nf6 2. e5 Nd5 3. d4 d6 4. f4 dxe5 5. fxe5 Bf5 6. Nf3 e6 7. Bd3 Bxd3 8.
Qxd3 c5 9. O-O Be7 10. dxc5 Nd7 11. Qe4 Qc7 12. c4 Bxc5+ 13. Kh1 Ne7 14. Nc3
O-O 15. Bf4 a6 16. Rad1 Rac8 17. Qe2 Bb4 18. Ng5 Bxc3 19. bxc3 Nc5 20. Qh5 h6
21. Nf3 Qc6 22. Bxh6 gxh6 23. Rd4 f5 24. Qxh6 Qe8 25. Qg5+ Ng6 26. Nh4 Kh7 27.
Rfd1 Rg8 28. Nf3 Rc7 29. Rh4+ Nxh4 30. Qxh4+ Kg7 31. Qf6+ Kh7 32. Qh4+ Kg7
1/2-1/2

[Event "BL 0910 SV Wattenscheid - SF Katernberg"]
[Site "?"]
[Date "2010.02.07"]
[Round "9.6"]
[White "Holzke, Frank Dr"]
[Black "Ris, Robert"]
[Result "1/2-1/2"]
[WhiteElo "2526"]
[BlackElo "2420"]
[PlyCount "90"]
[EventDate "2010.??.??"]

1. d4 d5 2. c4 dxc4 3. Nf3 a6 4. e4 b5 5. a4 Bb7 6. Nc3 e6 7. axb5 axb5 8. Rxa8
Bxa8 9. Nxb5 Bb4+ 10. Nc3 Bxe4 11. Bxc4 Nd7 12. O-O Bxf3 13. Qxf3 Ngf6 14. Bf4
Bd6 15. Bg5 O-O 16. Nb5 Nb6 17. Bb3 Be7 18. Rc1 Nfd5 19. Bxe7 Qxe7 20. Na7 Qb4
21. Qd1 Qd6 22. g3 Ra8 23. Nc6 Ne7 24. Ne5 Nbd5 25. Qf3 Rf8 26. Rc5 Nf5 27.
Rxd5 Nxd4 28. Rxd4 Qxd4 29. Qe2 Qb4 30. Bc4 Qd6 31. b3 Rd8 32. Kg2 Qd1 33. Qe3
Qd4 34. Qg5 h6 35. Qh5 Qe4+ 36. f3 Qc2+ 37. Kh3 g6 38. Qxh6 Qf5+ 39. Ng4 Qxf3
40. Bxe6 fxe6 41. Qxg6+ Kf8 42. Qh6+ Ke7 43. Qg5+ Ke8 44. Qg8+ Ke7 45. Qg5+ Ke8
1/2-1/2

[Event "BL 0910 SV Wattenscheid - SF Katernberg"]
[Site "?"]
[Date "2010.02.07"]
[Round "9.7"]
[White "Thesing, Matthias"]
[Black "Handke, Florian"]
[Result "0-1"]
[WhiteElo "2419"]
[BlackElo "2513"]
[PlyCount "86"]
[EventDate "2010.??.??"]

1. e4 c5 2. Nc3 Nc6 3. Bb5 Nd4 4. Bc4 e6 5. Nge2 Nf6 6. O-O a6 7. d3 b5 8. Bb3
Nxb3 9. axb3 Bb7 10. Bg5 Be7 11. f4 h6 12. Bxf6 gxf6 13. Ng3 h5 14. Qf3 h4 15.
Nge2 f5 16. Qe3 Rg8 17. Rf2 fxe4 18. Nxe4 Qc7 19. c4 f5 20. Ng5 b4 21. Kf1
O-O-O 22. Ng1 Rg7 23. Re1 Rdg8 24. N1f3 Kb8 25. Ree2 Bf6 26. Nh3 Qa5 27. Qd2
Qa1+ 28. Qe1 Qxe1+ 29. Rxe1 Bxf3 30. gxf3 Kb7 31. Rd2 a5 32. Rc2 Kb6 33. Ree2
a4 34. bxa4 b3 35. Rcd2 Ka5 36. Ke1 Rg1+ 37. Nxg1 Rxg1+ 38. Kf2 Bd4+ 39. Re3
Rh1 40. Rde2 Rxh2+ 41. Kf1 Rh1+ 42. Kg2 Rb1 43. Re5 Kxa4 0-1

[Event "BL 0910 SV Wattenscheid - SF Katernberg"]
[Site "?"]
[Date "2010.02.07"]
[Round "9.8"]
[White "Straeter, Timo"]
[Black "Scholz, Christian"]
[Result "0-1"]
[WhiteElo "2347"]
[BlackElo "2373"]
[PlyCount "56"]
[EventDate "2010.??.??"]

1. d4 Nf6 2. c4 g6 3. Nc3 Bg7 4. e4 d6 5. Be2 O-O 6. f4 c5 7. Nf3 cxd4 8. Nxd4
Nc6 9. Be3 Ng4 10. Bxg4 Bxd4 11. Bxd4 Bxg4 12. Qxg4 Nxd4 13. Qd1 Nc6 14. O-O a6
15. Kh1 Rb8 16. Qd2 Qa5 17. f5 f6 18. Qh6 Ne5 19. Nd5 Rf7 20. b4 Qa3 21. Rac1
Qd3 22. fxg6 hxg6 23. Qf4 Qd4 24. Rc3 Rh7 25. Rh3 Re8 26. Rc3 Rf8 27. c5 dxc5
28. bxc5 e6 0-1

[Event "BL 0910 Turm Emsdetten - SV Mülheim Nor"]
[Site "?"]
[Date "2010.02.07"]
[Round "9.2"]
[White "Giri, Anish"]
[Black "Landa, Konstantin"]
[Result "1/2-1/2"]
[WhiteElo "2552"]
[BlackElo "2655"]
[PlyCount "125"]
[EventDate "2010.??.??"]

1. e4 c6 2. d4 d5 3. Nc3 dxe4 4. Nxe4 Bf5 5. Ng3 Bg6 6. h4 h6 7. Nf3 Nd7 8. h5
Bh7 9. Bd3 Bxd3 10. Qxd3 e6 11. Bd2 Ngf6 12. O-O-O Qc7 13. Qe2 O-O-O 14. Ne5
Nb6 15. Ba5 Rd5 16. Bxb6 axb6 17. c4 Rd8 18. f4 Bd6 19. Rhe1 Rhe8 20. Qf3 c5
21. Ne2 b5 22. Nc3 cxd4 23. Nxb5 Qc5 24. Kb1 Rf8 25. Rxd4 Bb8 26. Red1 Rxd4 27.
Rxd4 Rd8 28. Rxd8+ Kxd8 29. Nxf7+ Kc8 30. Qd1 Nd7 31. Nfd6+ Bxd6 32. Nxd6+ Kc7
33. Ne8+ Kd8 34. Nxg7 Qxc4 35. Ka1 Ke7 36. f5 e5 37. Ne6 e4 38. Nf4 Nf6 39. Qe1
Kf7 40. a3 Nd5 41. Nxd5 Qxd5 42. Qg3 Qxf5 43. Qc7+ Kf6 44. Qd8+ Ke5 45. Qh8+
Kd5 46. Qg8+ Kc5 47. g4 Qf1+ 48. Ka2 e3 49. Qc8+ Kd4 50. Qd7+ Kc4 51. Qe6+ Kd3
52. Qd5+ Kc2 53. Qb3+ Kd2 54. g5 e2 55. Qc3+ Kd1 56. Qd4+ Kc2 57. Qc3+ Kd1 58.
Qd3+ Kc1 59. Qc4+ Kd2 60. Qd4+ Kc2 61. Qe4+ Kd2 62. Qd4+ Kc2 63. Qc3+ 1/2-1/2

[Event "BL 0910 Turm Emsdetten - SV Mülheim Nor"]
[Site "?"]
[Date "2010.02.07"]
[Round "9.3"]
[White "Fridman, Daniel"]
[Black "Hector, Jonny"]
[Result "1-0"]
[WhiteElo "2661"]
[BlackElo "2568"]
[PlyCount "93"]
[EventDate "2010.??.??"]

1. d4 d5 2. c4 c6 3. Nc3 e5 4. cxd5 cxd5 5. dxe5 d4 6. Ne4 Qa5+ 7. Nd2 Nc6 8.
Ngf3 Bg4 9. g3 Bxf3 10. exf3 Qxe5+ 11. Qe2 Qxe2+ 12. Bxe2 O-O-O 13. Bc4 Bb4 14.
a3 Bxd2+ 15. Bxd2 Ne5 16. Be2 d3 17. Rc1+ Kd7 18. f4 dxe2 19. fxe5 Ne7 20. Kxe2
Nc6 21. Bc3 Ke6 22. f4 g5 23. fxg5 Rhg8 24. h4 h6 25. Rhf1 hxg5 26. Rf6+ Ke7
27. h5 Rd5 28. Rcf1 Nd8 29. h6 g4 30. Rd6 Rb5 31. a4 Rb3 32. Kd3 Ne6 33. Kc4
Rb6 34. Rxb6 Rc8+ 35. Kb5 Rc5+ 36. Kb4 axb6 37. Rh1 Rc8 38. Kb5 Kd7 39. Kxb6
Rc6+ 40. Kb5 Rc5+ 41. Kb4 Rc8 42. h7 Rh8 43. Kb5 Kc7 44. a5 Kc8 45. Kb6 Kb8 46.
Rh6 Ka8 47. Rh4 1-0

[Event "BL 0910 Turm Emsdetten - SV Mülheim Nor"]
[Site "?"]
[Date "2010.02.07"]
[Round "9.5"]
[White "Hausrath, Daniel"]
[Black "Cramling, Pia"]
[Result "1-0"]
[WhiteElo "2528"]
[BlackElo "2535"]
[PlyCount "79"]
[EventDate "2010.??.??"]

1. Nf3 Nf6 2. g3 b6 3. Bg2 Bb7 4. O-O e6 5. c4 Be7 6. d4 O-O 7. d5 Na6 8. Nc3
Bb4 9. Bd2 Nc5 10. Nh4 Re8 11. Re1 Bxc3 12. Bxc3 exd5 13. cxd5 Nce4 14. Qd3
Nxc3 15. bxc3 d6 16. Nf5 a5 17. e4 g6 18. Nd4 Nd7 19. f4 a4 20. Re3 Qf6 21.
Rae1 Qg7 22. Qc4 Nc5 23. Qf1 Ba6 24. Qf3 a3 25. Bf1 Bxf1 26. Kxf1 f6 27. Kg2
Qf7 28. h4 Re7 29. h5 Ree8 30. hxg6 hxg6 31. f5 Re5 32. Rh1 Rae8 33. Rh4 Qg7
34. fxg6 Rg5 35. Nf5 Qxg6 36. Rh6 Qf7 37. Qf4 Rxf5 38. Qxf5 Nd7 39. Qg4+ Kf8
40. Qh3 1-0

[Event "BL 0910 Turm Emsdetten - SV Mülheim Nor"]
[Site "?"]
[Date "2010.02.07"]
[Round "9.6"]
[White "Bellon Lopez, Juan Manuel"]
[Black "Saltaev, Mihail"]
[Result "1/2-1/2"]
[WhiteElo "2430"]
[BlackElo "2492"]
[PlyCount "70"]
[EventDate "2010.??.??"]

1. d4 d5 2. Nf3 c6 3. c4 Nf6 4. Nc3 a6 5. cxd5 cxd5 6. Bg5 e6 7. e3 b5 8. Bd3
Bb7 9. O-O Be7 10. a4 b4 11. Na2 Nc6 12. Nc1 h6 13. Bxf6 Bxf6 14. Nb3 O-O 15.
Nc5 Bc8 16. Rc1 e5 17. Ne4 Bb7 18. Nxf6+ Qxf6 19. dxe5 Nxe5 20. Be2 Nxf3+ 21.
Bxf3 Qxb2 22. Rc7 Rab8 23. Qb1 Qe5 24. Rc5 Ba8 25. Qb3 Qd6 26. Rfc1 Rfd8 27. h3
Rb6 28. a5 Rbb8 29. Rc7 Rd7 30. Rc8+ Rd8 31. R8c7 Rd7 32. Rc8+ Rd8 33. R8c7 Rd7
34. Rc8+ Rd8 35. R8c7 Rb5 1/2-1/2

[Event "BL 0910 Turm Emsdetten - SV Mülheim Nor"]
[Site "?"]
[Date "2010.02.07"]
[Round "9.7"]
[White "Schebler, Gerhard"]
[Black "Breder, Dennis"]
[Result "1-0"]
[WhiteElo "2486"]
[BlackElo "2427"]
[PlyCount "161"]
[EventDate "2010.??.??"]

1. Nf3 c5 2. e4 Nc6 3. Bb5 g6 4. O-O Bg7 5. Re1 Nf6 6. Bxc6 dxc6 7. d3 O-O 8.
h3 Ne8 9. Nc3 Nc7 10. e5 Ne6 11. Ne4 b6 12. a4 a5 13. Bd2 Nd4 14. Bf4 Be6 15.
Nxd4 Qxd4 16. Qd2 Bxe5 17. Bxe5 Qxe5 18. Ng5 Qd5 19. Qf4 Ra7 20. Qh4 h5 21.
Nxe6 fxe6 22. Qg3 Kg7 23. Re5 Qd6 24. Rae1 Rf6 25. R1e4 Ra8 26. Qe3 Kf7 27. g4
hxg4 28. hxg4 Rh8 29. g5 Rf5 30. Rxe6 Qh2+ 31. Kf1 Rf8 32. Rxc6 Kg7 33. Rxe7+
Kh8 34. Rf6 R8xf6 35. gxf6 Rxf6 36. Ke2 Qh5+ 37. Kd2 Rf8 38. Kc3 Qh2 39. Re8
Rxe8 40. Qxe8+ Kg7 41. Qe7+ Kh6 42. Qf6 Qg1 43. Kc4 Qd1 44. Qh4+ Kg7 45. Qe7+
Kh6 46. Kb3 Qg4 47. Qe4 Qd7 48. f4 Qf7+ 49. Kc3 Kh5 50. Kd2 Kh6 51. Qe5 Kh7 52.
b3 Qd7 53. Qf6 b5 54. axb5 Qxb5 55. Ke2 Qb4 56. Qe5 Qb6 57. Kf3 Qc6+ 58. Kg3
Qc8 59. Qc3 Qc7 60. Qf6 Qd7 61. Qe5 Qc8 62. Qd6 Kh6 63. Qe7 c4 64. Qg5+ Kh7 65.
dxc4 a4 66. Qe5 a3 67. Qe7+ Kh6 68. Qxa3 Qe8 69. Qc1 Qe2 70. Qh1+ Kg7 71. Qd5
Qe1+ 72. Kf3 Qf1+ 73. Ke3 Qe1+ 74. Kd3 Qg3+ 75. Ke4 Qe1+ 76. Kd4 Qd2+ 77. Kc5
Qa5+ 78. Kc6 Qa6+ 79. Kc7 Qa7+ 80. Kc8 Kh6 81. Qh1+ 1-0

[Event "BL 0910 Turm Emsdetten - SV Mülheim Nor"]
[Site "?"]
[Date "2010.02.07"]
[Round "9.8"]
[White "Zumsande, Martin"]
[Black "Kaufeld, Juergen"]
[Result "1/2-1/2"]
[WhiteElo "2413"]
[BlackElo "2254"]
[PlyCount "101"]
[EventDate "2010.??.??"]

1. e4 c5 2. c3 d5 3. exd5 Qxd5 4. d4 g6 5. Nf3 Bg7 6. Na3 cxd4 7. Bc4 Qe4+ 8.
Be3 Nh6 9. Nb5 O-O 10. cxd4 Nc6 11. Nc3 Qg4 12. h3 Qh5 13. Qe2 Bg4 14. Bd5 Nxd4
15. Bxd4 Bxd4 16. Bxb7 Rab8 17. Be4 Bxf3 18. Bxf3 Qe5 19. Qxe5 Bxe5 20. O-O-O
Rfc8 21. Rd3 Nf5 22. Bg4 Rc5 23. Bxf5 gxf5 24. Rhd1 Kg7 25. Rd5 Rbc8 26. Rxc5
Rxc5 27. Kc2 e6 28. Rd3 Kf6 29. b4 Rc8 30. Kb3 h5 31. g3 f4 32. gxf4 Bxf4 33.
a4 Kg5 34. Ne4+ Kh4 35. a5 f5 36. Nc5 e5 37. Rd7 Kxh3 38. Rxa7 h4 39. Rg7 e4
40. Ne6 Bd2 41. a6 Kh2 42. b5 Be1 43. Nd4 Bxf2 44. Nxf5 Rc5 45. Nd6 Rd5 46.
Nxe4 Rxb5+ 47. Kc4 Rb2 48. a7 Bxa7 49. Rxa7 h3 50. Ng5 Rg2 51. Nxh3 1/2-1/2

[Event "BL 0910 OSG Baden Baden - SK König Tege"]
[Site "?"]
[Date "2010.02.07"]
[Round "9.1"]
[White "Rabiega, Robert"]
[Black "Bacrot, Etienne"]
[Result "0-1"]
[WhiteElo "2531"]
[BlackElo "2709"]
[PlyCount "44"]
[EventDate "2010.??.??"]

1. e4 d6 2. d4 Nf6 3. Bd3 e5 4. c3 d5 5. dxe5 Nxe4 6. Bxe4 dxe4 7. Qxd8+ Kxd8
8. Bg5+ Be7 9. Bxe7+ Kxe7 10. Nd2 Nc6 11. Nxe4 Nxe5 12. Rd1 Be6 13. f4 Ng6 14.
Ne2 Rhd8 15. Rd4 Bxa2 16. O-O Rxd4 17. Nxd4 Bc4 18. Rf2 Kf8 19. f5 Re8 20. fxg6
Rxe4 21. Rd2 hxg6 22. Kf2 a6 0-1

[Event "BL 0910 OSG Baden Baden - SK König Tege"]
[Site "?"]
[Date "2010.02.07"]
[Round "9.2"]
[White "Movsesian, Sergej"]
[Black "Stern, Rene"]
[Result "1/2-1/2"]
[WhiteElo "2711"]
[BlackElo "2501"]
[PlyCount "108"]
[EventDate "2010.??.??"]

1. e4 e5 2. Nf3 Nc6 3. Bc4 Bc5 4. O-O Nf6 5. d3 d6 6. c3 a6 7. Bb3 Ba7 8. Re1
O-O 9. h3 h6 10. Nbd2 Be6 11. Bc2 Re8 12. Nf1 d5 13. Bd2 Bc5 14. b4 Bf8 15. a4
b5 16. exd5 Bxd5 17. Ng3 Rb8 18. Ne4 Re6 19. Be3 Nxe4 20. dxe4 Bc4 21. Nd2 Rd6
22. Qc1 Be6 23. Nb3 Qh4 24. Kh2 Rbd8 25. Rh1 Bxb3 26. Bxb3 Qxe4 27. Qf1 Ne7 28.
axb5 axb5 29. Re1 Qc6 30. Bc5 Rf6 31. Rd1 Rxd1 32. Qxd1 Qe8 33. Re1 Ng6 34. Be3
Bd6 35. Qd5 e4+ 36. Kg1 c6 37. Qh5 Be5 38. Bd2 Qd8 39. Rd1 Rd6 40. Qf5 Qd7 41.
Qxd7 Rxd7 42. Kf1 Kf8 43. Ke2 Ke7 44. Bc2 f5 45. g4 Bf4 46. Be1 Ra7 47. Kf1
fxg4 48. hxg4 Ne5 49. Bxe4 Ra2 50. Rd4 g5 51. Rd1 Ra6 52. Bf5 Ra2 53. Be4 Ra6
54. Bf5 Ra2 1/2-1/2

[Event "BL 0910 OSG Baden Baden - SK König Tege"]
[Site "?"]
[Date "2010.02.07"]
[Round "9.3"]
[White "Muse, Mladen"]
[Black "Adams, Michael"]
[Result "1/2-1/2"]
[WhiteElo "2448"]
[BlackElo "2682"]
[PlyCount "96"]
[EventDate "2010.??.??"]

1. d4 Nf6 2. Bg5 e6 3. e3 c5 4. c3 cxd4 5. exd4 Be7 6. Bd3 b6 7. Ne2 Ba6 8. O-O
O-O 9. Re1 h6 10. Bxf6 Bxf6 11. Be4 d5 12. Bc2 Nc6 13. Nf4 Re8 14. Nh5 g6 15.
Nxf6+ Qxf6 16. Na3 e5 17. dxe5 Nxe5 18. Qd4 Qg5 19. Re3 Nc6 20. Qd2 d4 21. cxd4
Red8 22. f4 Qf6 23. d5 Ne7 24. Re5 Nc6 25. Re3 Ne7 26. Re5 Nc6 27. Re3 Rd6 28.
Bb3 Rad8 29. Rae1 Na5 30. Re8+ Kh7 31. Rxd8 Qxd8 32. f5 Nxb3 33. fxg6+ fxg6 34.
axb3 Rxd5 35. Qe3 Rd1 36. Rxd1 Qxd1+ 37. Kf2 Qd6 38. Nc2 Qf6+ 39. Kg3 h5 40. h4
Bb7 41. Nd4 Bd5 42. Qf4 Qe7 43. Nf5 Qe1+ 44. Kh2 gxf5 45. Qxf5+ Kg7 46. Qg5+
Kf8 47. Qd8+ Kg7 48. Qg5+ Kf8 1/2-1/2

[Event "BL 0910 OSG Baden Baden - SK König Tege"]
[Site "?"]
[Date "2010.02.07"]
[Round "9.4"]
[White "Naiditsch, Arkadij"]
[Black "Von Herman, Ulf"]
[Result "1-0"]
[WhiteElo "2685"]
[BlackElo "2424"]
[PlyCount "41"]
[EventDate "2010.??.??"]

1. e4 e6 2. d4 d5 3. Nc3 Nf6 4. Bg5 dxe4 5. Nxe4 Be7 6. Bxf6 gxf6 7. Nf3 f5 8.
Nc3 a6 9. Qd2 b5 10. O-O-O b4 11. Ne2 Bb7 12. Kb1 Nd7 13. Nf4 Nf6 14. Bc4 Bd6
15. Rhe1 O-O 16. Ne5 Ne4 17. Qe3 Qg5 18. f3 Nf6 19. g4 fxg4 20. Rg1 Qh4 21. Ng2
1-0

[Event "BL 0910 OSG Baden Baden - SK König Tege"]
[Site "?"]
[Date "2010.02.07"]
[Round "9.5"]
[White "Muse, Drazen"]
[Black "Nisipeanu, Liviu-Dieter"]
[Result "0-1"]
[WhiteElo "2367"]
[BlackElo "2664"]
[PlyCount "72"]
[EventDate "2010.??.??"]

1. d4 Nf6 2. Bf4 g6 3. c3 Bg7 4. e3 O-O 5. Nd2 d6 6. h3 Nbd7 7. Ngf3 b6 8. Bc4
Bb7 9. O-O a6 10. a4 Qe8 11. Bh2 e5 12. b4 e4 13. Ne1 b5 14. Bb3 Nb6 15. c4
bxc4 16. Nxc4 Nbd5 17. Nc2 Bc8 18. Qd2 Be6 19. Na5 h5 20. Bc4 Bd7 21. Bb3 h4
22. Ra3 Bh6 23. Rfa1 g5 24. Bc4 g4 25. hxg4 Bxg4 26. b5 Kh7 27. Nb4 Nxb4 28.
Qxb4 Rg8 29. Kh1 Qd7 30. Rg1 h3 31. Bf1 Qf5 32. Bg3 Qh5 33. f4 Bf3 34. gxf3
Qxf3+ 35. Kh2 Ng4+ 36. Kxh3 Nf2+ 0-1

[Event "BL 0910 OSG Baden Baden - SK König Tege"]
[Site "?"]
[Date "2010.02.07"]
[Round "9.6"]
[White "Caruana, Fabiano"]
[Black "Fruebing, Stefan"]
[Result "1-0"]
[WhiteElo "2662"]
[BlackElo "2337"]
[PlyCount "63"]
[EventDate "2010.??.??"]

1. e4 c5 2. Nf3 d6 3. d4 cxd4 4. Nxd4 Nf6 5. Nc3 g6 6. Be3 Bg7 7. f3 O-O 8. Qd2
Nc6 9. O-O-O d5 10. exd5 Nxd5 11. Nxc6 bxc6 12. Bd4 Bxd4 13. Qxd4 Qb6 14. Na4
Qa5 15. b3 Bf5 16. Qc5 Qxc5 17. Nxc5 Nc3 18. Re1 Nxa2+ 19. Kb2 Nb4 20. Bc4 Rfe8
21. g4 Bc8 22. Re5 Kf8 23. c3 f6 24. Re6 Nd5 25. Rxc6 Nf4 26. Rd1 g5 27. Rc7 h5
28. gxh5 Nxh5 29. Bd5 Rb8 30. Bc6 a5 31. Bxe8 Kxe8 32. Re1 1-0

[Event "BL 0910 OSG Baden Baden - SK König Tege"]
[Site "?"]
[Date "2010.02.07"]
[Round "9.7"]
[White "Sarbok, Torsten"]
[Black "Gustafsson, Jan"]
[Result "0-1"]
[WhiteElo "2319"]
[BlackElo "2622"]
[PlyCount "78"]
[EventDate "2010.??.??"]

1. e4 e5 2. Nf3 Nc6 3. Bb5 a6 4. Ba4 Nf6 5. d3 Bc5 6. O-O b5 7. Bb3 d6 8. c3
O-O 9. Bg5 h6 10. Bh4 g5 11. Nxg5 hxg5 12. Bxg5 Kg7 13. Qf3 Rh8 14. Bd5 Bd7 15.
Na3 Kg6 16. h4 Qe7 17. Nc2 Rag8 18. Ne3 Nd8 19. Nf5 Bxf5 20. Qxf5+ Kg7 21. h5
Nxd5 22. exd5 Rxh5 23. Bf6+ Qxf6 24. Qxh5 Kf8 25. b4 Bb6 26. a4 Rh8 27. Qf3 Qh6
28. Qh3 Qg7 29. Qd7 Qg3 30. Qxd8+ Kg7 31. Qxh8+ Kxh8 32. axb5 Qxd3 33. bxa6 Ba7
34. Rad1 Qxa6 35. Ra1 Qb7 36. b5 Bc5 37. c4 Qc8 38. Rac1 Qg4 39. Rc3 Qe2 0-1

[Event "BL 0910 OSG Baden Baden - SK König Tege"]
[Site "?"]
[Date "2010.02.07"]
[Round "9.8"]
[White "Schlosser, Philipp"]
[Black "Breier, Andreas"]
[Result "1/2-1/2"]
[WhiteElo "2555"]
[BlackElo "2405"]
[PlyCount "77"]
[EventDate "2010.??.??"]

1. d4 d5 2. Nf3 Nf6 3. c4 dxc4 4. e3 e6 5. Bxc4 a6 6. O-O c5 7. Nc3 b5 8. Bb3
Bb7 9. e4 cxd4 10. Nxd4 Nc6 11. Be3 Nxd4 12. Bxd4 Rc8 13. e5 Nd7 14. Qg4 h5 15.
Qf4 h4 16. Ne4 Rh5 17. Rad1 h3 18. g4 g5 19. Qe3 Rh4 20. f3 Bxe4 21. Qxe4 Rh6
22. f4 gxf4 23. Qxf4 Qe7 24. Rc1 Rxc1 25. Rxc1 Qd8 26. Rc3 Rg6 27. Rxh3 Qg5 28.
Qxg5 Rxg5 29. Bd1 Nxe5 30. Rg3 Ng6 31. Bf6 Rd5 32. Bf3 Rc5 33. Bb7 Rc1+ 34. Kf2
Rc2+ 35. Ke3 Be7 36. Bxe7 Kxe7 37. Rg2 Rxg2 38. Bxg2 Ne5 39. g5 1/2-1/2

[Event "BL 0910 H.Handschuhsheim - Schachfr. Be"]
[Site "?"]
[Date "2010.02.07"]
[Round "9.1"]
[White "Markos, Jan"]
[Black "Ikonnikov, Viacheslav"]
[Result "0-1"]
[WhiteElo "2565"]
[BlackElo "2558"]
[PlyCount "150"]
[EventDate "2010.??.??"]

1. d4 Nf6 2. c4 e6 3. Nc3 Bb4 4. Qc2 c5 5. dxc5 Qc7 6. Nf3 Bxc5 7. Bg5 a6 8. e3
Be7 9. Be2 b6 10. O-O Bb7 11. Rad1 d6 12. Nd4 Nbd7 13. f4 O-O 14. f5 e5 15. Nb3
Rfe8 16. Qd3 h6 17. Bxf6 Nxf6 18. Bf3 e4 19. Nxe4 Bxe4 20. Bxe4 Nxe4 21. Qxe4
Bg5 22. Qg4 Rxe3 23. f6 Qc8 24. Qxc8+ Rxc8 25. fxg7 Re2 26. Nd4 Be3+ 27. Kh1
Bxd4 28. Rxd4 Rxb2 29. Rxd6 Rxc4 30. h3 Rcc2 31. Rd7 Rf2 32. Rxf2 Rxf2 33. Rd6
Rxa2 34. Rxb6 Kxg7 35. Kh2 Ra3 36. g4 a5 37. Ra6 a4 38. h4 Ra2+ 39. Kg3 a3 40.
h5 Ra1 41. Kg2 f6 42. Ra7+ Kf8 43. Kh2 Ke8 44. Kg2 Kd8 45. Ra6 a2 46. Ra7 Kc8
47. Ra8+ Kb7 48. Ra4 Kb6 49. Ra8 Kc5 50. Rc8+ Kd4 51. Ra8 Ke3 52. Ra6 Re1 53.
Ra3+ Kf4 54. Rxa2 Kxg4 55. Ra6 Kg5 56. Ra8 Kxh5 57. Rg8 Re5 58. Kf3 Rf5+ 59.
Ke4 Rf1 60. Ke3 Kh4 61. Ke2 Rf5 62. Rg1 h5 63. Ke3 Kh3 64. Ke4 Kh2 65. Rg6 Rf1
66. Rh6 Kg3 67. Rg6+ Kh3 68. Rh6 h4 69. Rg6 Kh2 70. Rh6 h3 71. Rg6 Kh1 72. Ke3
Rf5 73. Ke2 h2 74. Rh6 Kg2 75. Rg6+ Rg5 0-1

[Event "BL 0910 H.Handschuhsheim - Schachfr. Be"]
[Site "?"]
[Date "2010.02.07"]
[Round "9.2"]
[White "Svetushkin, Dmitry"]
[Black "Lauber, Arnd"]
[Result "1-0"]
[WhiteElo "2570"]
[BlackElo "2517"]
[PlyCount "65"]
[EventDate "2010.??.??"]

1. e4 c6 2. d4 d5 3. Nc3 dxe4 4. Nxe4 Bf5 5. Ng3 Bg6 6. h4 h6 7. Nf3 e6 8. Ne5
Bh7 9. Bd3 Bxd3 10. Qxd3 Nd7 11. f4 Bb4+ 12. c3 Be7 13. Bd2 Ngf6 14. O-O-O O-O
15. c4 Qc7 16. Rhe1 Rad8 17. Qf3 a5 18. Kb1 Bb4 19. Bxb4 axb4 20. f5 Nxe5 21.
dxe5 Rxd1+ 22. Qxd1 Rd8 23. Qe2 Nd7 24. fxe6 fxe6 25. Ne4 b6 26. g4 Nxe5 27. g5
Nd3 28. Rf1 Qe5 29. gxh6 Nxb2 30. Nf6+ gxf6 31. Qg4+ Kf7 32. Qg7+ Ke8 33. h7
1-0

[Event "BL 0910 H.Handschuhsheim - Schachfr. Be"]
[Site "?"]
[Date "2010.02.07"]
[Round "9.3"]
[White "Polzin, Rainer"]
[Black "Ginsburg, Gennadi"]
[Result "1-0"]
[WhiteElo "2491"]
[BlackElo "2537"]
[PlyCount "65"]
[EventDate "2010.??.??"]

1. e4 e5 2. Nf3 Nc6 3. Bb5 a6 4. Ba4 Nf6 5. O-O Be7 6. Re1 b5 7. Bb3 O-O 8. d4
d6 9. c3 Bg4 10. Be3 exd4 11. cxd4 d5 12. e5 Ne4 13. h3 Bh5 14. Nc3 Nxc3 15.
bxc3 f5 16. exf6 Bxf6 17. g4 Bf7 18. Bf4 Ne7 19. Bg3 Ng6 20. Qd2 c6 21. Bc2 Kh8
22. Re2 Nh4 23. Bxh4 Bxh4 24. Ne5 Bg8 25. f4 Rc8 26. g5 a5 27. Rf1 b4 28. Rg2
bxc3 29. Qd1 Bxg5 30. Rxg5 Rxf4 31. Qh5 Rxf1+ 32. Kxf1 g6 33. Nxg6+ 1-0